| 000 | 00596nam a2200205Ia 4500 | ||
|---|---|---|---|
| 005 | 20250508161719.0 | ||
| 008 | 008 250505s9999 xx 000 0 eng d | ||
| 037 | _aTextual | ||
| 040 |
_aFEDL _beng _cFEDL |
||
| 041 |
_aeng _2eng |
||
| 084 |
_a157, ROF _qFEDL |
||
| 100 |
_aRoff Merrill _988662 |
||
| 245 | 0 | _aDevelopmental abnormal psychology | |
| 260 |
_aNew York, USA _bHolt, Rinehart and Winston _c1966 |
||
| 300 | _axii,450p. | ||
| 650 | _aAbnormal Psychology | ||
| 700 |
_a Mink Walter Hinrichs Grace _9771438 |
||
| 942 |
_cTEXL _h157, ROF |
||
| 999 |
_c1371695 _d1371695 |
||